Ochrana spotrebiteľa v podmienkach Slovenskej republiky bakalárska práca
Guardado en:
| Autor principal: | |
|---|---|
| Autores Corporativos: | , |
| Otros Autores: | |
| Formato: | Libro |
| Lenguaje: | eslovaco |
| Publicado: |
Bratislava
2025
|
| Etiquetas: |
Sin Etiquetas, Sea el primero en etiquetar este registro!
|
MARC
| LEADER | 00000nbm a2200000 4500 | ||
|---|---|---|---|
| 001 | 0309266 | ||
| 005 | 20251210094002.4 | ||
| 041 | 0 | |a slo | |
| 044 | |a SK | ||
| 245 | 1 | 0 | |a Ochrana spotrebiteľa v podmienkach Slovenskej republiky |b bakalárska práca |c Oliver Budoš ; školiteľ: Ivana Lennerová |
| 264 | 1 | |a Bratislava |c 2025 | |
| 300 | |a 50 s. | ||
| 100 | 1 | |a Budoš, Oliver | |
| 700 | 1 | |a Lennerová, Ivana, 1979- | |
| 710 | 2 | |a Národohospodárska fakulta EU. Katedra ekonómie | |
| 710 | 2 | |a Univerzita Komenského v Bratislave. Právnická fakulta | |